| 000 | 01138cam a22003375a 4500 | ||
|---|---|---|---|
| 001 | 14257 | ||
| 003 | BD-JhCC | ||
| 005 | 20250225114159.0 | ||
| 008 | 020702s2002 nju b 001 0 eng | ||
| 020 | _a0130460192 | ||
| 035 | _a(BD-JhCC)14257 | ||
| 040 |
_aDLC _cDLC _dDLC |
||
| 041 | _aenglish | ||
| 050 | 0 | 0 |
_aQA76.9.A25 _bK39 2002 |
| 082 | 0 | 0 |
_a005.8 _221 _bKAU 2002 |
| 100 | 1 | _aKaufman, Charlie. | |
| 245 | 1 | 0 |
_aNetwork security : _bprivate communication in a public world / _cCharlie Kaufman, Radia Perlman, Mike Speciner. |
| 250 | _a2nd ed. | ||
| 260 |
_aUpper Saddle River, NJ : _bPrentice Hall PTR, _c2002. |
||
| 300 |
_axxvi, 713 p. : _bill. ; _c25 cm. |
||
| 440 | 0 | _aPrentice Hall series in computer networking and distributed systems | |
| 504 | _aIncludes bibliographical references (p. 675-684) and indexes. | ||
| 650 | 0 | _aComputer security. | |
| 650 | 0 |
_aComputers _xAccess control. |
|
| 650 | 0 |
_aElectronic data processing departments _xSecurity measures. |
|
| 650 | 0 |
_aComputer networks _xSecurity measures. |
|
| 700 | 1 | _aPerlman, Radia. | |
| 700 | 1 | _aSpeciner, Michael. | |
| 942 |
_2ddc _cBK |
||
| 999 |
_c14257 _d14257 |
||